[Event "Reykjavik Open 2017"]
[Site "Reykjavik ISL"]
[Date "2017.04.26"]
[Round "9.6"]
[White "L'Ami,E"]
[Black "Harika,D"]
[Result "1-0"]
[WhiteElo "2614"]
[BlackElo "2521"]

1.d4 Nf6 2.c4 e6 3.Nc3 Bb4 4.Qc2 d5 5.a3 Bxc3+ 6.Qxc3 Ne4 7.Qc2 c5 8.dxc5 Nc6
9.cxd5 exd5 10.e3 Qf6 11.f3 Qh4+ 12.g3 Nxg3 13.Qf2 Nf5 14.Qxh4 Nxh4 15.b4 a5
16.b5 Ne5 17.Bb2 f6 18.Kf2 O-O 19.Rd1 Be6 20.Ne2 Nhxf3 21.Nf4 Bf7 22.Bg2 Nh4
23.Bxd5 Nc4 24.Bd4 Bxd5 25.Nxd5 Rad8 26.Nc7 Rd7 27.b6 Ng6 28.Ke2 Ne7 29.Rc1
Ne5 30.Bxe5 fxe5 31.Rhd1 Rfd8 32.Rxd7 Rxd7 33.Nb5 Nc6 34.Nd6 g6 35.Kd3 Kg7
36.Kc4 e4 37.Kb5 Ne5 38.Nxb7 {#r} 1-0

[Event "Reykjavik Open 2017"]
[Site "Reykjavik ISL"]
[Date "2017.04.26"]
[Round "9.7"]
[White "Yilmaz,M"]
[Black "Hjartarson,J"]
[Result "1-0"]
[WhiteElo "2614"]
[BlackElo "2536"]

1.d4 Nf6 2.c4 e6 3.Nf3 Bb4+ 4.Nbd2 b6 5.a3 Bxd2+ 6.Qxd2 Bb7 7.e3 d6 8.Be2 Nbd7
9.O-O a5 10.b3 O-O 11.Bb2 Qe7 12.Rfd1 Ne4 13.Qc2 f5 14.d5 e5 15.b4 Ng5 16.Bc3
Nxf3+ 17.Bxf3 Qh4 18.Be2 Nf6 19.Be1 axb4 20.axb4 Qg5 21.Qc3 f4 22.exf4 Qxf4
23.f3 Qf5 24.Bd3 Qd7 25.Qc2 g6 26.Bd2 Qf7 27.Bh6 Rfb8 28.Rf1 b5 29.cxb5 Bxd5
30.Ra5 Re8 31.Rc1 Re7 32.b6 Rxa5 33.bxa5 cxb6 34.Qc8+ Re8 35.Bb5 Bb7 36.Bxe8
Nxe8 37.Qd8 {#r} 1-0

[Event "Reykjavik Open 2017"]
[Site "Reykjavik ISL"]
[Date "2017.04.26"]
[Round "9.10"]
[White "Van Foreest,Jorden"]
[Black "Liang,Awonder"]
[Result "1-0"]
[WhiteElo "2584"]
[BlackElo "2483"]

1.e4 c6 2.d4 d5 3.e5 Bf5 4.Nf3 e6 5.Be2 c5 6.O-O Nc6 7.c3 Bg6 8.Be3 Qb6 9.Na3
c4 10.Nxc4 dxc4 11.d5 Bc5 12.Bxc5 Qxc5 13.dxc6 Qxc6 14.Nd4 Qa6 15.a4 Qb6 16.a5
Qxb2 17.Qa4+ Kf8 18.Qxc4 Qd2 19.Qb4+ Ne7 20.Rfd1 Qh6 21.Qxb7 Re8 22.Bb5 {#r}
1-0

[Event "Reykjavik Open 2017"]
[Site "Reykjavik ISL"]
[Date "2017.04.26"]
[Round "9.11"]
[White "Can,E"]
[Black "Praggnanandhaa,R"]
[Result "1-0"]
[WhiteElo "2578"]
[BlackElo "2447"]

1.Nf3 Nf6 2.c4 e6 3.d4 d5 4.Nc3 dxc4 5.e4 Bb4 6.Bg5 h6 7.Bxf6 Qxf6 8.Bxc4 c5
9.O-O cxd4 10.e5 Qe7 11.Qxd4 O-O 12.Qe4 Rd8 13.Bd3 g6 14.Rac1 Nc6 15.h4 h5
16.Ne2 Qf8 17.Bb1 Be7 18.g4 hxg4 19.Qxg4 Qg7 20.Qg3 Bd7 21.Rc4 Be8 22.Rg4 Qh8
23.Re1 Nb4 24.h5 Nd3 25.Bxd3 Rxd3 26.hxg6 f5 27.exf6 Qxf6 28.Nf4 Rd6 29.Qh3
Qh8 30.Qh7+ Qxh7 31.gxh7+ Kh8 32.Kg2 Bf6 33.Rg8+ Kxh7 34.Rg4 Bg7 35.Ng5+ Kh8
36.Rh1+ Kg8 37.Ngxe6 Rd7 38.Rh3 Re7 39.Rhg3 Bc6+ 40.f3 {#r} 1-0

[Event "Reykjavik Open 2017"]
[Site "Reykjavik ISL"]
[Date "2017.04.26"]
[Round "9.14"]
[White "Shirov,A"]
[Black "Thorhallsson,T"]
[Result "1-0"]
[WhiteElo "2693"]
[BlackElo "2423"]

1.e4 c5 2.Nf3 Nc6 3.Bb5 d6 4.O-O e6 5.Re1 Ne7 6.c3 a6 7.Ba4 b5 8.Bc2 Ng6 9.a4
b4 10.d4 bxc3 11.Nxc3 cxd4 12.Nxd4 Nb4 13.Bb3 Be7 14.f4 Bf6 15.f5 Nf8 16.a5
Bd7 17.Nf3 Nc6 18.Qxd6 Nxa5 19.Ba2 Nb7 20.Qb4 Bc6 21.Bd5 Qc8 22.Nd4 Bxd5
23.Nxd5 Bd8 24.Bf4 a5 25.Qa4+ Qd7 26.Nb5 Rc8 27.Rad1 {#r} 1-0

[Event "Reykjavik Open 2017"]
[Site "Reykjavik ISL"]
[Date "2017.04.26"]
[Round "9.18"]
[White "Panchanathan,M"]
[Black "Pigott,J"]
[Result "0-1"]
[WhiteElo "2494"]
[BlackElo "2381"]

1.d4 Nf6 2.Nf3 g6 3.g3 Bg7 4.Bg2 d5 5.O-O O-O 6.c4 c6 7.b3 dxc4 8.bxc4 c5
9.Nc3 Nc6 10.d5 Na5 11.Bf4 Nxc4 12.Qd3 Na5 13.e4 e6 14.d6 Nc6 15.e5 Nh5 16.Ne4
Nxf4 17.gxf4 Nb4 18.Qd2 b6 19.Nfg5 Rb8 20.Nc3 f6 21.a3 fxg5 22.axb4 gxf4
23.bxc5 f3 24.c6 Bxe5 25.Ra4 fxg2 26.Rd1 Qf6 27.Nb5 a6 28.f4 axb5 {#R} 0-1

[Event "Reykjavik Open 2017"]
[Site "Reykjavik ISL"]
[Date "2017.04.26"]
[Round "9.19"]
[White "Kjartansson,G"]
[Black "Kavutskiy,K"]
[Result "0-1"]
[WhiteElo "2468"]
[BlackElo "2347"]

1.d4 Nf6 2.c4 g6 3.Nc3 Bg7 4.e4 d6 5.Nf3 O-O 6.Be2 e5 7.O-O Nc6 8.d5 Ne7 9.Ne1
Nd7 10.Be3 f5 11.f3 f4 12.Bf2 g5 13.Nd3 Ng6 14.c5 Nf6 15.Rc1 Rf7 16.Kh1 h5
17.Nb5 g4 18.cxd6 cxd6 19.Qc2 Ne8 20.Nxa7 Bd7 21.Qb3 g3 22.Bg1 Bf8 23.Rfd1
gxh2 24.Bf2 h4 25.Kxh2 Qg5 26.Qxb7 h3 27.g4 fxg3+ 28.Bxg3 Qe3 29.Qxa8 Qxe2+
30.Nf2 Rxf3 31.Rf1 Rxg3 {#R} 0-1

[Event "Reykjavik Open 2017"]
[Site "Reykjavik ISL"]
[Date "2017.04.26"]
[Round "9.22"]
[White "Saptarshi,R"]
[Black "Kleinman,Michael"]
[Result "0-1"]
[WhiteElo "2425"]
[BlackElo "2289"]

1.e4 c5 2.Nf3 e6 3.d4 cxd4 4.Nxd4 Nc6 5.Nc3 Qc7 6.Be3 a6 7.Qd2 Nf6 8.O-O-O Be7
9.f3 b5 10.g4 Nxd4 11.Qxd4 Bb7 12.g5 Nh5 13.Ne2 Rc8 14.Qd2 d5 15.f4 d4 16.Nxd4
Bxe4 17.Rg1 O-O 18.Kb1 Bc5 19.Bd3 Bxd3 20.cxd3 Bxd4 21.Bxd4 Qxf4 22.Be3 Qf3
23.Rdf1 Qd5 24.Rg4 Rfd8 25.Rd4 Qb7 26.Qf2 e5 27.Rh4 g6 28.d4 Ng7 29.dxe5 Nf5
30.Rf4 Qd5 31.Bc1 Qd3+ 32.Ka1 Rc2 33.Qb6 Rdc8 34.Qg1 Qd5 35.e6 fxe6 36.a3 a5
37.Kb1 Qd3 38.Ka2 b4 39.a4 Qd5+ 40.Kb1 Qd3 41.Ka2 R8c3 42.Ka1 Ra3+ {#R} 0-1

[Event "Reykjavik Open 2017"]
[Site "Reykjavik ISL"]
[Date "2017.04.26"]
[Round "9.23"]
[White "Jones,G"]
[Black "Nebolsina,V"]
[Result "1-0"]
[WhiteElo "2671"]
[BlackElo "2285"]

1.e4 c5 2.d3 Nc6 3.f4 g6 4.Nf3 Bg7 5.Be2 d6 6.O-O e6 7.a4 Nge7 8.c3 O-O 9.Na3
a6 10.Rb1 Rb8 11.d4 cxd4 12.cxd4 b6 13.Nc2 Bb7 14.b4 Rc8 15.Bb2 Qd7 16.Ne3 d5
17.b5 axb5 18.axb5 Na5 19.e5 Nc4 20.Qb3 Nxe3 21.Qxe3 Nf5 22.Qd2 h5 23.Bd3 Rc7
24.Qf2 Bh6 25.Nd2 Qe7 26.Ra1 Rfc8 27.Ba3 Qd8 28.Bxf5 exf5 29.Bd6 Rc2 30.Ra7
Ra8 31.Rxb7 Qc8 32.Rxb6 Qc3 33.Rc6 {#r} 1-0

[Event "Reykjavik Open 2017"]
[Site "Reykjavik ISL"]
[Date "2017.04.26"]
[Round "9.26"]
[White "Torre,E"]
[Black "Guezennec,F"]
[Result "1-0"]
[WhiteElo "2455"]
[BlackElo "2271"]

1.d4 d6 2.e4 Nf6 3.Nc3 g6 4.Nf3 Bg7 5.Be2 O-O 6.O-O c6 7.Re1 a5 8.h3 Qc7 9.e5
dxe5 10.Nxe5 Nbd7 11.Bf4 Nxe5 12.Bxe5 Qd8 13.Na4 Bf5 14.Bf3 Nd5 15.a3 Bh6
16.Nc5 Qb6 17.c4 Nf6 18.Na4 Qd8 19.Qb3 Ra7 20.d5 cxd5 21.cxd5 Bd7 22.Rad1 Bxa4
23.Qxa4 Nd7 24.Bc3 Ra6 25.Be2 Ra8 26.d6 e6 27.Qd4 e5 28.Qd5 b6 29.Bb5 Bg7
30.Bxd7 Qxd7 31.Bxe5 Bxe5 32.Rxe5 Rae8 33.Rde1 Rxe5 34.Qxe5 Rd8 35.Qf6 Re8
36.Re7 Qc6 37.Qe5 {#r} 1-0

[Event "Reykjavik Open 2017"]
[Site "Reykjavik ISL"]
[Date "2017.04.26"]
[Round "9.30"]
[White "Batchimeg,Tuvshintugs"]
[Black "Edvardsson,K"]
[Result "1-0"]
[WhiteElo "2394"]
[BlackElo "2228"]

1.d4 Nf6 2.c4 e6 3.Nc3 Bb4 4.e3 c5 5.Nf3 d5 6.cxd5 exd5 7.dxc5 Bxc5 8.Be2 O-O
9.O-O Nc6 10.b3 a6 11.Bb2 Bf5 12.Rc1 Ba7 13.Na4 Ne4 14.Nd4 Bd7 15.Bf3 Ne5
16.Nf5 Nxf3+ 17.Qxf3 Qg5 18.Nxg7 Bg4 19.Qf4 Qxf4 20.exf4 b5 21.Nc3 Nxf2
22.Rxf2 Bxf2+ 23.Kxf2 Kxg7 24.Nxd5+ f6 25.Rc7+ Kg6 26.h3 Be6 27.g4 Rad8 28.f5+
Bxf5 29.Ne7+ Kg5 30.Nxf5 Kf4 31.Bc1+ Ke4 32.Re7+ Kd3 33.Re2 Rfe8 34.Ne3 Kc3
35.Bb2+ Kd3 36.Rd2+ Ke4 37.Nd5 Rf8 38.Ba3 Rh8 {#r} 1-0

[Event "Reykjavik Open 2017"]
[Site "Reykjavik ISL"]
[Date "2017.04.26"]
[Round "9.31"]
[White "Ptacnikova,L"]
[Black "Pfreundt,Jakob"]
[Result "0-1"]
[WhiteElo "2242"]
[BlackElo "2392"]

1.c4 b6 2.Nc3 Bb7 3.d4 e6 4.d5 Bb4 5.Qb3 Ba5 6.Bd2 exd5 7.cxd5 Nf6 8.e4 O-O
9.f3 c5 10.O-O-O d6 11.g4 a6 12.h4 b5 13.h5 Nfd7 14.Qc2 c4 15.g5 Nc5 16.g6
Nbd7 17.gxh7+ Kh8 18.Be3 b4 19.Nce2 b3 20.Qxc4 Ne5 21.Qd4 bxa2 22.Kc2 Qb6
23.b4 Rac8 24.Nc3 Bxb4 25.Bc4 Qa5 26.Nge2 Bxc3 27.Nxc3 Ncd7 28.h6 g6 29.f4
Rxc4 30.fxe5 Rxd4 31.Bxd4 dxe5 32.Be3 Rc8 33.Bd2 Nc5 {#R} 0-1

[Event "Reykjavik Open 2017"]
[Site "Reykjavik ISL"]
[Date "2017.04.26"]
[Round "9.33"]
[White "Abrahamyan,T"]
[Black "Tokranovs,Dmitrijs"]
[Result "1-0"]
[WhiteElo "2364"]
[BlackElo "2227"]

1.e4 c5 2.Nf3 d6 3.d4 cxd4 4.Nxd4 Nf6 5.Nc3 a6 6.f3 e6 7.Be3 b5 8.Qd2 Bb7 9.g4
Nfd7 10.O-O-O Nb6 11.Qf2 N8d7 12.Bd3 Rc8 13.Nce2 d5 14.exd5 Nc4 15.f4 Qa5
16.Kb1 Nc5 17.Rhe1 Be7 18.Bc1 h5 19.gxh5 Rxh5 20.Qg2 g5 21.fxg5 Ne5 22.g6 Kd7
23.gxf7 Ncxd3 24.cxd3 Nxd3 25.Qg6 Nxc1 26.Qxh5 Rf8 27.Qg6 e5 28.Qf5+ {#r} 1-0

[Event "Reykjavik Open 2017"]
[Site "Reykjavik ISL"]
[Date "2017.04.26"]
[Round "9.34"]
[White "Doknjas,John"]
[Black "Guramishvili,S"]
[Result "0-1"]
[WhiteElo "2216"]
[BlackElo "2363"]

1.d4 Nf6 2.c4 c5 3.d5 b5 4.cxb5 a6 5.bxa6 g6 6.Nc3 Bg7 7.Nf3 O-O 8.e4 Qa5
9.Bd2 Bxa6 10.Bxa6 Qxa6 11.Qe2 d6 12.Rb1 Nbd7 13.Qxa6 Rxa6 14.O-O Rb8 15.Ne1
Ne8 16.Nc2 Nc7 17.a3 Ne5 18.b4 cxb4 19.axb4 Nc4 20.Be1 f5 21.f3 Nb5 22.Nxb5
Rxb5 23.Rf2 Ra8 24.Re2 Kf7 25.Kf1 f4 26.Bf2 Bc3 27.Be1 Be5 28.Rb3 Rc8 29.Kf2
Rb7 30.Rd3 Nb2 31.Rb3 Rbc7 32.Na3 Nd1+ 33.Kg1 Rc1 34.Nb1 Bd4+ 35.Kf1 Ne3+
36.Rexe3 fxe3 37.Ke2 R8c2+ 38.Kd3 Rb2 {#R} 0-1

[Event "Reykjavik Open 2017"]
[Site "Reykjavik ISL"]
[Date "2017.04.26"]
[Round "9.37"]
[White "Aradhya,Garg"]
[Black "Haessel,D"]
[Result "1-0"]
[WhiteElo "2315"]
[BlackElo "2095"]

1.d4 Nf6 2.c4 g6 3.g3 c6 4.Bg2 d5 5.e3 Bg7 6.Ne2 O-O 7.O-O Nbd7 8.cxd5 cxd5
9.Nbc3 Nb6 10.a4 Bf5 11.b3 Qd7 12.a5 Nc8 13.Nf4 e6 14.f3 g5 15.Nd3 Rd8 16.Ne5
Qc7 17.Bd2 h6 18.Nb5 Qb8 19.Bb4 Ne8 20.Nc3 Bxe5 21.dxe5 Qxe5 22.e4 Bg6 23.f4
Qc7 24.exd5 Ne7 25.Rc1 Rac8 26.fxg5 hxg5 27.Qg4 Nf5 28.Qxg5 Qe5 29.Kh1 exd5
30.Rce1 Qd4 31.Rf4 Qd3 32.Rf3 Qc2 33.Ref1 Neg7 34.Bh3 Ne6 35.Qf6 Nfd4 36.Re3
{#r} 1-0

[Event "Reykjavik Open 2017"]
[Site "Reykjavik ISL"]
[Date "2017.04.26"]
[Round "9.39"]
[White "Sachdev,T"]
[Black "Kvamme,J"]
[Result "1-0"]
[WhiteElo "2429"]
[BlackElo "2151"]

1.d4 d5 2.c4 c5 3.dxc5 e6 4.cxd5 Bxc5 5.Nc3 Nf6 6.dxe6 Qxd1+ 7.Nxd1 Bxe6 8.a3
Nc6 9.Nf3 O-O 10.Be3 Be7 11.Nd4 Nd5 12.Nxe6 fxe6 13.g3 Nxe3 14.Nxe3 Bc5 15.Bg2
Bxe3 16.fxe3 Ne5 17.Bh3 Rf6 18.Rc1 Rd8 19.Rc5 Nc6 20.Bg2 Rd6 21.Rf1 Rxf1+
22.Kxf1 Kf7 23.Kf2 Kf6 24.Ke1 a6 25.b4 Ne5 26.Bxb7 Ng4 27.Rc6 {#r} 1-0

[Event "Reykjavik Open 2017"]
[Site "Reykjavik ISL"]
[Date "2017.04.26"]
[Round "9.42"]
[White "Kniest,O"]
[Black "Birkisson,Bardur Orn"]
[Result "1-0"]
[WhiteElo "2301"]
[BlackElo "2146"]

1.c4 c6 2.e4 d5 3.cxd5 cxd5 4.exd5 Nf6 5.Qa4+ Nbd7 6.Nc3 g6 7.Nf3 Bg7 8.Bc4
O-O 9.d3 Nb6 10.Qb3 Bg4 11.Ne5 Bf5 12.O-O Qd6 13.Re1 Rad8 14.Nb5 Qb8 15.d6
exd6 16.Nxf7 d5 17.Nxd8 Rxd8 18.Bg5 dxc4 19.dxc4 Rd3 20.Nc3 Ng4 21.g3 Bd4
22.c5+ Kh8 23.Bf4 Qc8 24.Qf7 Bxf2+ 25.Kf1 Be3 26.cxb6 Rd2 27.Rxe3 Nxe3+
28.Bxe3 Qd8 29.Bxd2 Qd3+ 30.Ke1 {#r} 1-0

[Event "Reykjavik Open 2017"]
[Site "Reykjavik ISL"]
[Date "2017.04.26"]
[Round "9.44"]
[White "Le Goff,D"]
[Black "Fridjonsson,J"]
[Result "1-0"]
[WhiteElo "2278"]
[BlackElo "2126"]

1.Nf3 d5 2.g3 Nf6 3.Bg2 c6 4.O-O Bf5 5.c4 e6 6.cxd5 exd5 7.d3 Be7 8.Qb3 Qb6
9.Qc2 O-O 10.Nc3 h6 11.e4 Bh7 12.h3 Na6 13.Be3 Qc7 14.Nh4 Qd8 15.Ne2 Nb4
16.Qb1 dxe4 17.dxe4 Qd3 18.Nc3 Qxb1 19.Raxb1 Nc2 20.Bd2 Rad8 21.Rbd1 Rfe8
22.Nf5 Bf8 23.g4 Nb4 24.Be3 Nd3 25.Rd2 Nc5 26.Rxd8 Rxd8 27.f3 Bxf5 28.gxf5
{#r} 1-0

[Event "Reykjavik Open 2017"]
[Site "Reykjavik ISL"]
[Date "2017.04.26"]
[Round "9.51"]
[White "Siddharth,Gopakumar"]
[Black "Van Leent,D"]
[Result "0-1"]
[WhiteElo "1826"]
[BlackElo "2230"]

1.e4 e5 2.Nf3 Nc6 3.d4 exd4 4.Nxd4 Qf6 5.Nb5 Bb4+ 6.c3 Ba5 7.Be3 a6 8.Nd4 Nge7
9.Nd2 Bb6 10.Nc4 Ba7 11.a4 Ng6 12.g3 O-O 13.f4 Nxd4 14.Bxd4 Qc6 15.Qd3 Bxd4
16.Qxd4 Re8 17.Bg2 d5 18.e5 Qxc4 19.Bxd5 Qxd4 20.cxd4 Rd8 {#R} 0-1

[Event "Reykjavik Open 2017"]
[Site "Reykjavik ISL"]
[Date "2017.04.26"]
[Round "9.55"]
[White "Saren,Bjorn"]
[Black "Derakhshani,D"]
[Result "0-1"]
[WhiteElo "2067"]
[BlackElo "2351"]

1.e4 e5 2.f4 exf4 3.Bc4 Qh4+ 4.Kf1 d6 5.d4 Nf6 6.Nf3 Qh6 7.Nc3 Be7 8.e5 Nh5
9.Nd5 Bd8 10.exd6 cxd6 11.Kg1 O-O 12.h3 Be6 13.g4 b5 14.Bb3 Qg6 15.Kh2 f5
16.Rg1 fxg4 17.hxg4 Kh8 18.Qd3 Qf7 19.Qxb5 a6 20.Qc4 Nd7 21.Qc6 Rb8 22.c4 Nhf6
23.Nxf4 Rb6 24.Qa4 Nxg4+ 25.Kg3 g5 26.Nxg5 Bxg5 27.Rf1 h5 28.Nxe6 Qxf1 29.Bxg5
Qf2+ 30.Kh3 Nh2 {#R} 0-1

[Event "Reykjavik Open 2017"]
[Site "Reykjavik ISL"]
[Date "2017.04.26"]
[Round "9.55"]
[White "Saren,Bjorn"]
[Black "Derakhshani,D"]
[Result "0-1"]
[WhiteElo "2067"]
[BlackElo "2351"]

1.e4 e5 2.f4 exf4 3.Bc4 Qh4+ 4.Kf1 d6 5.d4 Nf6 6.Nf3 Qh6 7.Nc3 Be7 8.e5 Nh5
9.Nd5 Bd8 10.exd6 cxd6 11.Kg1 O-O 12.h3 Be6 13.g4 b5 14.Bb3 Qg6 15.Kh2 f5
16.Rg1 fxg4 17.hxg4 Kh8 18.Qd3 Qf7 19.Qxb5 a6 20.Qc4 Nd7 21.Qc6 Rb8 22.c4 Nhf6
23.Nxf4 Rb6 24.Qa4 Nxg4+ 25.Kg3 g5 26.Nxg5 Bxg5 27.Rf1 h5 28.Nxe6 Qxf1 29.Bxg5
Qf2+ 30.Kh3 Rf3# 0-1

[Event "Reykjavik Open 2017"]
[Site "Reykjavik ISL"]
[Date "2017.04.26"]
[Round "9.56"]
[White "Arnalds,S"]
[Black "Gislason,G"]
[Result "0-1"]
[WhiteElo "2035"]
[BlackElo "2314"]

1.d4 Nf6 2.c4 g6 3.Nc3 Bg7 4.e4 O-O 5.f3 d6 6.Be3 Nc6 7.Qd2 a6 8.Bd3 e5 9.d5
Nd4 10.Nge2 Nd7 11.Rd1 c5 12.dxc6 bxc6 13.O-O Rb8 14.b3 a5 15.Bh6 Bxh6 16.Qxh6
Nc5 17.Bb1 Nxe2+ 18.Nxe2 a4 19.f4 Bg4 20.Rf2 axb3 21.axb3 Rxb3 22.f5 Rb2 23.f6
Ne6 24.Bd3 Qb6 25.Rd2 Rxd2 26.Qxd2 Bxe2 27.Bxe2 Ra8 28.h3 Ra1+ 29.Bf1 h6
30.Kh2 Kh7 31.g3 Ng5 32.Bg2 Qb1 33.g4 Qg1+ {#R} 0-1

[Event "Reykjavik Open 2017"]
[Site "Reykjavik ISL"]
[Date "2017.04.26"]
[Round "9.59"]
[White "Walton,A"]
[Black "Arnarsson,H"]
[Result "1-0"]
[WhiteElo "2199"]
[BlackElo "2046"]

1.d4 e6 2.e4 d5 3.e5 c5 4.c3 Nc6 5.Nf3 Qb6 6.a3 Bd7 7.b4 cxb4 8.cxb4 a6 9.Nc3
Na7 10.Bb2 Ne7 11.Bd3 g6 12.O-O Nf5 13.Na4 Bxa4 14.Qxa4+ Qc6 15.Qb3 h5 16.a4
Qb6 17.b5 Nc6 18.a5 Nxa5 19.Qa4 Nc4 20.bxa6+ Kd8 21.Bxc4 dxc4 22.Bc3 Rxa6
23.Qxc4 Qc6 24.Qd3 Rxa1 25.Rxa1 b6 26.Ng5 Qb7 27.Nxf7+ Qxf7 28.Ra8+ {#r} 1-0

[Event "Reykjavik Open 2017"]
[Site "Reykjavik ISL"]
[Date "2017.04.26"]
[Round "9.60"]
[White "Zemlicka,V"]
[Black "Mesman,Edwyn"]
[Result "0-1"]
[WhiteElo "1984"]
[BlackElo "2199"]

1.e4 c5 2.Nf3 d6 3.d4 cxd4 4.Nxd4 Nf6 5.Nc3 a6 6.Be3 e5 7.Nb3 Be6 8.f3 Be7
9.Qd2 O-O 10.O-O-O a5 11.a4 Nc6 12.g4 Nb4 13.Kb1 Rc8 14.g5 Nh5 15.Rg1 f5
16.gxf6 Nxf6 17.Bb5 Bf7 18.Qf2 Nxe4 19.Nxe4 Rxc2 20.Nbd2 Qc8 21.Nc3 Qf5
22.Nce4 Rxb2+ {#R} 0-1

[Event "Reykjavik Open 2017"]
[Site "Reykjavik ISL"]
[Date "2017.04.26"]
[Round "9.61"]
[White "Magnusson,M"]
[Black "Thorgeirsson,Jon Kristinn"]
[Result "0-1"]
[WhiteElo "1978"]
[BlackElo "2189"]

1.e4 e6 2.d4 d5 3.e5 c5 4.c3 Nc6 5.Nf3 Qb6 6.a3 a5 7.b3 Bd7 8.Be3 f6 9.exf6
Nxf6 10.Bd3 Bd6 11.O-O O-O 12.c4 cxd4 13.Nxd4 Nxd4 14.Bxd4 Qc7 15.g3 e5 16.Bb2
d4 17.Nd2 Bh3 18.Re1 Qf7 19.Be4 Nxe4 20.Nxe4 Be7 21.Bc1 Qf5 22.f4 exf4 23.Qxd4
Rad8 24.Qf2 fxg3 25.Qxf5 gxh2+ 26.Kxh2 Bxf5 27.Ng5 Bf6 28.Ra2 Rd3 29.b4 a4
30.Ne6 Re8 31.Rae2 Rxe6 32.Rxe6 Bxe6 33.Rxe6 Rc3 34.Bf4 Rxc4 35.Bb8 Rc6 36.Re4
Rc2+ 37.Kg3 Rc3+ 38.Kg4 Rxa3 39.Rc4 Rc3 40.Re4 a3 {#R} 0-1

[Event "Reykjavik Open 2017"]
[Site "Reykjavik ISL"]
[Date "2017.04.26"]
[Round "9.63"]
[White "Acevedo Mendez,Lisseth"]
[Black "Barthel,A"]
[Result "0-1"]
[WhiteElo "1845"]
[BlackElo "2166"]

1.e4 d6 2.d4 Nf6 3.f3 Nbd7 4.Be3 g6 5.Qd2 c6 6.Be2 a6 7.Nh3 b5 8.Nf2 Nb6 9.Bh6
Bxh6 10.Qxh6 e5 11.dxe5 dxe5 12.O-O Qe7 13.Rd1 Be6 14.Qe3 Nfd7 15.Nd3 f6 16.a3
O-O 17.Nb4 Rfc8 18.Nc3 a5 19.Nd3 b4 20.axb4 axb4 21.Rxa8 Rxa8 22.Nb1 Ra2 23.c3
c5 24.cxb4 c4 25.Nc5 Rxb2 26.Nxd7 Nxd7 27.Nd2 Qxb4 28.Bxc4 Bxc4 29.Nxc4 Qxc4
30.Rxd7 Qa2 31.Rd8+ Kf7 32.Rd7+ Ke8 33.Rc7 Rxg2+ 34.Kf1 Rxh2 35.Rc8+ Kd7
36.Rd8+ Kxd8 37.Qb6+ Ke7 38.Qc7+ Kf8 39.Qd6+ Kg7 40.Qc7+ Kh6 {#R} 0-1

[Event "Reykjavik Open 2017"]
[Site "Reykjavik ISL"]
[Date "2017.04.26"]
[Round "9.65"]
[White "Motycakova,M"]
[Black "Scheele,Marcus"]
[Result "1-0"]
[WhiteElo "2162"]
[BlackElo "2030"]

1.e4 c6 2.d4 d5 3.e5 Bf5 4.Nf3 e6 5.Be2 c5 6.Be3 Qb6 7.Qc1 Nc6 8.c3 Rc8 9.dxc5
Bxc5 10.Bxc5 Qxc5 11.Qg5 Nge7 12.O-O Ng6 13.Nbd2 h6 14.Qg3 Qb6 15.b3 O-O
16.Rfe1 Rfd8 17.Rac1 Qc7 18.Bb5 Nge7 19.Qh4 Ng6 20.Qg3 Nge7 21.Qh4 a6 22.Bf1
Ng6 23.Qg3 b5 24.h4 Qa7 25.h5 Nge7 26.Qf4 d4 27.c4 Nb4 28.cxb5 Nc2 29.Red1 Nd5
30.Qh4 Nc3 31.bxa6 Nxd1 32.Rxd1 Nb4 33.Ne4 Rd5 34.Nd6 Rc2 35.Bc4 Rc5 36.Qd8+
Kh7 37.Qa5 {#r} 1-0

[Event "Reykjavik Open 2017"]
[Site "Reykjavik ISL"]
[Date "2017.04.26"]
[Round "9.67"]
[White "Plotkin,Mark"]
[Black "Jacobsen,Heidrikur T."]
[Result "1-0"]
[WhiteElo "2147"]
[BlackElo "1951"]

1.e4 e6 2.d4 d5 3.Nc3 Bb4 4.Bd3 Ne7 5.Nf3 c5 6.O-O Bxc3 7.bxc3 c4 8.Be2 O-O
9.e5 Nbc6 10.a4 Ng6 11.Ba3 Re8 12.Ne1 f5 13.f4 Bd7 14.Bh5 Nce7 15.Nf3 Qb6
16.Bc5 Qc6 17.Bxe7 Rxe7 18.Bxg6 hxg6 19.Ng5 Kf8 20.Qe1 Ke8 21.Qh4 Kd8 22.Nf7+
{#r} 1-0

[Event "Reykjavik Open 2017"]
[Site "Reykjavik ISL"]
[Date "2017.04.26"]
[Round "9.69"]
[White "Sigeman,J"]
[Black "Kolka,Dawid"]
[Result "1-0"]
[WhiteElo "2138"]
[BlackElo "1931"]

1.e4 d6 2.d4 Nf6 3.Nc3 g6 4.g3 Bg7 5.Bg2 O-O 6.Nge2 c6 7.a4 Nbd7 8.a5 Qc7
9.O-O e5 10.h3 Re8 11.Be3 Nf8 12.Qd2 Bd7 13.Rfd1 Rad8 14.dxe5 dxe5 15.Qd6 Qc8
16.Qb4 Bxh3 17.Bxa7 Bxg2 18.Kxg2 Ne6 19.Bb6 Nf4+ 20.Nxf4 Rxd1 21.Rxd1 exf4
22.e5 Nh5 23.Ne4 Bxe5 24.Qb3 fxg3 25.fxg3 Nf6 26.Ng5 Nd5 27.Qf3 f6 28.Ne4 Kg7
29.Bc5 Re6 30.c4 Ne7 31.b4 Nf5 32.Qd3 Kg8 33.Qd8+ Re8 34.Qxc8 Rxc8 35.Rd7 Rc7
36.Nxf6+ {#r} 1-0

[Event "Reykjavik Open 2017"]
[Site "Reykjavik ISL"]
[Date "2017.04.26"]
[Round "9.71"]
[White "Wecker,Martin"]
[Black "Murray,Ji"]
[Result "1-0"]
[WhiteElo "2134"]
[BlackElo "1896"]

1.Nf3 Nf6 2.c4 g6 3.d4 Bg7 4.g3 O-O 5.Bg2 c6 6.Nc3 d5 7.Qb3 dxc4 8.Qxc4 Nbd7
9.O-O Nb6 10.Qb3 Bf5 11.Rd1 Qc8 12.a4 c5 13.a5 c4 14.Qb5 Nbd7 15.Ne1 a6
16.Qxb7 Qxb7 17.Bxb7 Ra7 18.Bg2 e5 19.dxe5 Nxe5 20.Be3 Rd7 21.h3 Rxd1 22.Rxd1
Rb8 23.g4 Be6 24.Rd2 h6 25.Ba7 Re8 26.f4 Ned7 27.e4 Nf8 28.Nc2 h5 29.g5 N6d7
30.e5 Nb8 31.Nb4 Nfd7 32.Ne4 Bf8 33.Nd6 Rd8 34.Nd5 Kg7 35.Nc7 Be7 36.Nxe6+
fxe6 37.Rd4 Kf8 38.Rxc4 h4 39.Rc7 Bxd6 40.exd6 Ke8 41.Be4 Nf8 42.Re7# 1-0

[Event "Reykjavik Open 2017"]
[Site "Reykjavik ISL"]
[Date "2017.04.26"]
[Round "9.72"]
[White "Fehr,A"]
[Black "Briem,Stephan"]
[Result "1-0"]
[WhiteElo "2102"]
[BlackElo "1865"]

1.Nf3 Nf6 2.c4 e6 3.Nc3 b6 4.g3 Bb7 5.Bg2 Be7 6.d4 O-O 7.O-O d6 8.Qc2 Nbd7
9.Rd1 d5 10.Ne5 c5 11.cxd5 exd5 12.Bf4 Rc8 13.Qa4 cxd4 14.Nxd7 dxc3 15.Nxf8
Bxf8 16.bxc3 Bc5 17.Bh3 Ra8 18.Be5 Ne4 19.Bd4 Bxd4 20.Qxd4 Qe7 21.Rac1 Rf8
22.Bg2 f5 23.e3 h6 24.c4 dxc4 25.Qxc4+ Rf7 26.Rd4 Kh7 27.h4 g5 28.Rcd1 Nc5
29.Bxb7 Qxb7 30.Qd5 Qc7 31.hxg5 hxg5 32.Kg2 Ne4 33.Rh1+ Kg6 34.Rc4 Nc5 35.Rh8
Qe7 36.Kg1 Ne4 37.Rcc8 Nf6 38.Qh1 Nh7 39.Rcg8+ Kf6 40.Qh6+ Ke5 41.Re8 {#r} 1-0

[Event "Reykjavik Open 2017"]
[Site "Reykjavik ISL"]
[Date "2017.04.26"]
[Round "9.75"]
[White "Persson,Ande"]
[Black "Puglia,Francesco"]
[Result "0-1"]
[WhiteElo "2078"]
[BlackElo "1809"]

1.b3 g6 2.Bb2 Nf6 3.Nf3 Bg7 4.g3 d5 5.Bg2 c5 6.e3 Nc6 7.O-O Bf5 8.Qc1 Qd7
9.Ne5 Nxe5 10.Bxe5 Bh3 11.Qb2 h5 12.Bxh3 Qxh3 13.f3 h4 14.gxh4 Rxh4 15.Rf2 Ng4
16.fxg4 Qxg4+ 17.Rg2 Qd1+ 18.Kf2 Rh3 19.Rg3 Rxh2+ 20.Rg2 Rh3 21.Rg3 Bxe5
22.Qxe5 Rh1 23.Rg2 Rf1+ 24.Kg3 Qf3+ 25.Kh2 f6 26.Qe6 Qh5+ 27.Qh3 Rh1+ {#R} 0-1

[Event "Reykjavik Open 2017"]
[Site "Reykjavik ISL"]
[Date "2017.04.26"]
[Round "9.80"]
[White "Savage,A"]
[Black "Smith,Lynda"]
[Result "1-0"]
[WhiteElo "2067"]
[BlackElo "1849"]

1.e4 c5 2.b3 b6 3.Bb2 Bb7 4.Nc3 e6 5.f4 Nf6 6.e5 Nd5 7.Qf3 Qc8 8.Qg3 Nxc3
9.dxc3 Nc6 10.Nf3 Qc7 11.Bd3 h6 12.O-O-O O-O-O 13.Rhe1 d5 14.f5 Na5 15.fxe6
fxe6 16.Qh3 Qc6 17.Bg6 Kb8 18.Ng5 hxg5 19.Qxh8 d4 20.Be4 Qc7 21.Bxb7 Kxb7
22.Qh3 c4 23.Qf3+ Ka6 24.Rxd4 Rxd4 25.cxd4 Bb4 26.Re3 g4 27.Qxg4 c3 28.Qe2+ b5
29.Ba1 Kb6 30.Kb1 Qc6 31.Qf3 Qd7 32.Bxc3 Bxc3 33.Rxc3 Qxd4 34.Qe3 Qxe3 35.Rxe3
{#r} 1-0